[Event "SVK-chT4 A21 2223"]
[Site "Slovakia"]
[Date "2023.02.26"]
[Round "9.3"]
[White "Jancovicova, Petra"]
[Black "Piestansky, Jan"]
[Result "1-0"]
[WhiteElo "1711"]
[BlackElo "1584"]
[PlyCount "79"]
[EventDate "2022.10.09"]
[EventType "team-tourn"]
[EventRounds "11"]
[EventCountry "SVK"]
[SourceTitle "EXT 2024"]
[Source "ChessBase"]
[SourceDate "2023.10.10"]
[SourceVersion "1"]
[SourceVersionDate "2023.10.10"]
[SourceQuality "1"]
[WhiteTeam "Vrbove"]
[BlackTeam "Chtelnica Kamenar"]
[WhiteTeamCountry "SVK"]
[BlackTeamCountry "SVK"]

1. e4 e5 2. Nf3 d6 3. d4 exd4 4. Nxd4 h6 5. Bc4 Nf6 6. Nc3 Be7 7. 0-0 Bd7 8. f4 Nc6 9. Nxc6 Bxc6 10. e5 dxe5 11. fxe5 Qxd1 12. Nxd1 Nd5 13. Be3 0-0 14. Bd4 Rad8 15. c3 Nb6 16. Bb3 Bd5 17. Bxd5 Nxd5 18. Ne3 Nxe3 19. Bxe3 c5 20. Rad1 b6 21. c4 Rxd1 22. Rxd1 Rd8 23. Rd5 Kf8 24. Kf2 h5 25. Kf3 g6 26. Rxd8+ Bxd8 27. Ke4 Ke8 28. Kd5 Kd7 29. a4 a5 30. Bh6 Be7 31. Bg7 Kc7 32. e6 f6 33. h4 Kb7 34. Bh6 Kc7 35. Bf4+ Kb7 36. Bd6 Bxd6 37. Kxd6 Kc8 38. e7 g5 39. Kc6 gxh4 40. e8Q# 1-0

[Event "SVK-chT4 A21 2223"]
[Site "Slovakia"]
[Date "2023.01.29"]
[Round "7.4"]
[White "Lanza, Matej"]
[Black "Jancovicova, Petra"]
[Result "0-1"]
[WhiteElo "1208"]
[BlackElo "1711"]
[PlyCount "94"]
[EventDate "2022.10.09"]
[EventType "team-tourn"]
[EventRounds "11"]
[EventCountry "SVK"]
[SourceTitle "EXT 2024"]
[Source "ChessBase"]
[SourceDate "2023.10.10"]
[SourceVersion "1"]
[SourceVersionDate "2023.10.10"]
[SourceQuality "1"]
[WhiteTeam "Gbely Interchess"]
[BlackTeam "Vrbove"]
[WhiteTeamCountry "SVK"]
[BlackTeamCountry "SVK"]

1. e4 c5 2. Nf3 d6 3. Bb5+ Bd7 4. Bxd7+ Nxd7 5. 0-0 Ngf6 6. d3 g6 7. Nc3 Bg7 8. Bf4 0-0 9. Qd2 Ng4 10. Rfe1 Nge5 11. Nxe5 Nxe5 12. Bh6 f5 13. Bxg7 Kxg7 14. exf5 Rxf5 15. Re3 Qf8 16. Qe2 Nc6 17. Rf1 e5 18. Nd5 Qf7 19. g4 Nd4 20. Qd1 Rf3 21. Rxf3 Nxf3+ 22. Kg2 Nh4+ 23. Kg3 Qxd5 24. Kxh4 Qg2 25. Rh1 Qxf2+ 26. Kh3 Rf8 27. Rg1 g5 28. Rg3 Rf4 29. d4 Rxd4 30. Qf3 Qxf3 31. Rxf3 Rd2 32. Rc3 e4 33. Kg3 Kf6 34. h3 b6 35. a4 d5 36. b3 d4 37. Rc4 Ke5 38. a5 Kd5 39. axb6 axb6 40. Ra4 Rxc2 41. Ra1 e3 42. Ra3 d3 43. Ra7 d2 44. Rxh7 Kc6 45. h4 gxh4+ 46. Kxh4 d1Q 47. Kh5 Rh2+ 0-1

[Event "SVK-chT3A2 2122"]
[Site "Slovakia"]
[Date "2022.05.08"]
[Round "7.5"]
[White "Kastler, Peter"]
[Black "Jancovicova, Petra"]
[Result "0-1"]
[WhiteElo "1593"]
[BlackElo "1672"]
[PlyCount "114"]
[EventDate "2021.10.10"]
[EventType "team-tourn"]
[EventRounds "11"]
[EventCountry "SVK"]
[SourceTitle "EXT 2024"]
[Source "ChessBase"]
[SourceDate "2023.10.10"]
[SourceVersion "1"]
[SourceVersionDate "2023.10.10"]
[SourceQuality "1"]
[WhiteTeam "Holic"]
[BlackTeam "Vrbove"]
[WhiteTeamCountry "SVK"]
[BlackTeamCountry "SVK"]

1. b3 d5 2. Bb2 c5 3. e3 Nc6 4. Bb5 a6 5. Bxc6+ bxc6 6. f4 Bf5 7. Nf3 e6 8. 0-0 Nf6 9. d3 Be7 10. Nbd2 0-0 11. Ne5 Qc7 12. Ndf3 Nd7 13. e4 Bg6 14. Nxg6 hxg6 15. Ne5 Nxe5 16. Bxe5 Bd6 17. Bxd6 Qxd6 18. Qf3 e5 19. Rae1 exf4 20. Qxf4 Qxf4 21. Rxf4 Rfe8 22. Kf2 f6 23. exd5 cxd5 24. Ra4 Rec8 25. Re6 a5 26. Rd6 d4 27. Rb6 Rc7 28. Rb5 Kf7 29. Rbxa5 Rxa5 30. Rxa5 Ke6 31. a4 Kd7 32. Ra8 Kc6 33. Rb8 Ra7 34. Ke2 Re7+ 35. Kd2 g5 36. b4 cxb4 37. Rxb4 Kc5 38. Rb1 Ra7 39. Ra1 Kb4 40. a5 Ra6 41. Rb1+ Kc5 42. Ra1 Kb4 43. c4 Kc5 44. Kc2 f5 45. Kb3 g4 46. g3 g5 47. Rf1 Rf6 48. Kc2 f4 49. gxf4 gxf4 50. Kd2 f3 51. Ke1 Kb4 52. Kd2 Kxa5 53. Re1 Rh6 54. Re4 Rxh2+ 55. Ke1 g3 56. Rf4 Rh1+ 57. Kd2 g2 0-1

[Event "SVK-chT3A2 2122"]
[Site "Slovakia"]
[Date "2022.01.30"]
[Round "8.5"]
[White "Jancovicova, Petra"]
[Black "Benci, Jozef"]
[Result "1/2-1/2"]
[WhiteElo "1667"]
[BlackElo "1671"]
[PlyCount "72"]
[EventDate "2021.10.10"]
[EventType "team-tourn"]
[EventRounds "11"]
[EventCountry "SVK"]
[SourceTitle "EXT 2023"]
[Source "ChessBase"]
[SourceDate "2022.10.05"]
[SourceVersion "1"]
[SourceVersionDate "2022.10.05"]
[SourceQuality "1"]
[WhiteTeam "Vrbove"]
[BlackTeam "Skalica"]
[WhiteTeamCountry "SVK"]
[BlackTeamCountry "SVK"]

1. e4 c5 2. Nf3 d6 3. d4 cxd4 4. Nxd4 Nf6 5. Nc3 g6 6. Be2 Bg7 7. Be3 Bd7 8. h3 Nc6 9. Qd2 0-0 10. 0-0-0 a5 11. f4 Rc8 12. a3 a4 13. g4 Nxd4 14. Bxd4 b5 15. g5 Ne8 16. Bxg7 Nxg7 17. Bxb5 Bxb5 18. Nxb5 Qb6 19. Nd4 Rc4 20. Qd3 Rfc8 21. Rh2 Nh5 22. f5 Nf4 23. Qd2 e5 24. fxe6 Nxe6 25. Nxe6 Rxc2+ 26. Qxc2 Rxc2+ 27. Rxc2 fxe6 28. Rc3 d5 29. exd5 exd5 30. Rcd3 Qe6 31. h4 Qe4 32. Rd4 Qe6 33. Rxd5 Qe3+ 34. Kc2 Qe4+ 35. Kc3 Qe3+ 36. Kb4 Qb3+ 1/2-1/2

[Event "EU-ch Online U18 Girls"]
[Site "Tornelo INT"]
[Date "2020.09.20"]
[Round "9"]
[White "Akulova, Alicia"]
[Black "Jancovicova, Petra"]
[Result "0-1"]
[WhiteElo "1823"]
[BlackElo "1663"]
[PlyCount "50"]
[EventDate "2020.09.18"]
[EventType "swiss (rapid)"]
[EventRounds "9"]
[EventCountry "ENG"]
[SourceTitle "CBM 198 Extra"]
[Source "ChessBase"]
[SourceDate "2020.11.30"]
[SourceVersion "1"]
[SourceVersionDate "2020.11.30"]
[SourceQuality "1"]

1. e4 c5 2. Nf3 d6 3. d4 cxd4 4. Nxd4 Nf6 5. Nc3 a6 6. h3 e6 7. Be3 Be7 8. Be2 b5 9. a3 Bb7 10. Bf3 Qc7 11. 0-0 Nbd7 12. Re1 Ne5 13. Bg5 Nc4 14. Rb1 Nxa3 15. bxa3 Qxc3 16. Rb3 Qc7 17. Qe2 0-0 18. e5 dxe5 19. Bxb7 Qxb7 20. Qxe5 Rfe8 21. Rg3 Kh8 22. Ree3 Rad8 23. Ref3 Rd5 24. Qf4 e5 25. Qh4 Rxd4 0-1

[Event "EU-ch Online U18 Girls"]
[Site "Tornelo INT"]
[Date "2020.09.19"]
[Round "6"]
[White "Jancovicova, Petra"]
[Black "Kuypers, Anouck"]
[Result "1-0"]
[WhiteElo "1663"]
[BlackElo "1315"]
[PlyCount "71"]
[EventDate "2020.09.18"]
[EventType "swiss (rapid)"]
[EventRounds "9"]
[EventCountry "ENG"]
[SourceTitle "CBM 198 Extra"]
[Source "ChessBase"]
[SourceDate "2020.11.30"]
[SourceVersion "1"]
[SourceVersionDate "2020.11.30"]
[SourceQuality "1"]

1. e4 e5 2. Nf3 Nc6 3. Bc4 Bc5 4. c3 Nf6 5. d4 exd4 6. cxd4 Bb4+ 7. Nc3 0-0 8. e5 Ne4 9. Qc2 d5 10. Bd3 f5 11. 0-0 Bxc3 12. bxc3 Be6 13. Ba3 Rf7 14. c4 Na5 15. cxd5 Bxd5 16. Rab1 b6 17. Nd2 Nxd2 18. Qxd2 Nc4 19. Bxc4 Bxc4 20. Rfe1 c5 21. e6 Rc7 22. Rbd1 Qxd4 23. Qxd4 cxd4 24. Rxd4 Bxa2 25. Rd7 Bxe6 26. Rxc7 Bd5 27. Ree7 Kf8 28. Re5+ Kg8 29. Rxd5 Re8 30. h3 h6 31. Rdd7 Re1+ 32. Kh2 Re7 33. Rxe7 Kh7 34. Rxg7+ Kh8 35. Rh7+ Kg8 36. Rcg7# 1-0

[Event "SVK-ch U20 Girls"]
[Site "Lubovna"]
[Date "2020.08.20"]
[Round "7"]
[White "Fajtakova, Silvia"]
[Black "Jancovicova, Petra"]
[Result "1/2-1/2"]
[WhiteElo "1509"]
[BlackElo "1695"]
[PlyCount "91"]
[EventDate "2020.08.15"]
[EventType "swiss"]
[EventRounds "9"]
[EventCountry "SVK"]
[SourceTitle "EXT 2021"]
[Source "ChessBase"]
[SourceDate "2020.10.23"]
[SourceVersion "1"]
[SourceVersionDate "2020.10.23"]
[SourceQuality "1"]

1. e4 c5 2. Nf3 d6 3. d4 cxd4 4. Nxd4 Nf6 5. Nc3 a6 6. Be3 e6 7. Be2 Be7 8. Qd2 Qc7 9. 0-0 b5 10. f3 b4 11. Nd1 d5 12. Nf2 Bb7 13. exd5 Nxd5 14. Bg5 Bd6 15. g3 Nc6 16. Nb3 f5 17. f4 0-0 18. Bc4 Nce7 19. Qd3 h6 20. Bxe7 Bxe7 21. Rfe1 Rfc8 22. Nd2 Qc6 23. Bxd5 Qxd5 24. Qxd5 Bxd5 25. Rec1 Bf6 26. Nd3 Rc7 27. a3 Rac8 28. axb4 Rxc2 29. Rxc2 Rxc2 30. Rd1 Bxb2 31. Ne1 Rc1 32. Rxc1 Bxc1 33. Nf1 Bb2 34. Nc2 Be4 35. Nfe3 Kf8 36. Nc4 Bxc2 37. Nxb2 Ke7 38. Kf2 Kd6 39. Ke3 Kc6 40. Kd4 Kb5 41. Kc3 Be4 42. Nd1 g5 43. Nf2 Bd5 44. Nd3 gxf4 45. gxf4 Be4 46. Nf2 1/2-1/2

[Event "SVK-ch U20 Girls"]
[Site "Lubovna"]
[Date "2020.08.18"]
[Round "5"]
[White "Jancovicova, Petra"]
[Black "Carnecka, Stella"]
[Result "1-0"]
[WhiteElo "1695"]
[BlackElo "1527"]
[PlyCount "103"]
[EventDate "2020.08.15"]
[EventType "swiss"]
[EventRounds "9"]
[EventCountry "SVK"]
[SourceTitle "EXT 2021"]
[Source "ChessBase"]
[SourceDate "2020.10.23"]
[SourceVersion "1"]
[SourceVersionDate "2020.10.23"]
[SourceQuality "1"]

1. e4 c5 2. Nf3 Nc6 3. d4 cxd4 4. Nxd4 a6 5. Nc3 g6 6. Be3 Bg7 7. Qd2 Nf6 8. h3 d6 9. 0-0-0 h5 10. Nxc6 bxc6 11. e5 Nd5 12. Nxd5 cxd5 13. exd6 Qxd6 14. Qxd5 Qxd5 15. Rxd5 Be6 16. Ra5 0-0 17. Be2 Rfd8 18. Bf3 Rab8 19. b3 Bc8 20. c4 Bc3 21. Rd5 Rxd5 22. Bxd5 Bf5 23. f3 a5 24. g4 hxg4 25. hxg4 Bd3 26. Be4 Bxe4 27. fxe4 a4 28. Kc2 Bg7 29. Rd1 axb3+ 30. axb3 e6 31. Bd4 f5 32. Bxg7 Kxg7 33. exf5 gxf5 34. gxf5 exf5 35. Rf1 Kf6 36. Kc3 Ke5 37. c5 f4 38. Kc4 Rh8 39. b4 Rf8 40. Re1+ Kf5 41. c6 f3 42. Kc5 f2 43. Rf1 Kg4 44. c7 Kg3 45. Kc6 Kg2 46. Rxf2+ Kxf2 47. b5 Ke3 48. Kb7 Rf7 49. b6 Kd4 50. Kb8 Rf8+ 51. c8Q Rxc8+ 52. Kxc8 1-0

[Event "SVK-ch U20 Girls"]
[Site "Lubovna"]
[Date "2020.08.16"]
[Round "2"]
[White "Tomcikova, Dominika"]
[Black "Jancovicova, Petra"]
[Result "1-0"]
[WhiteElo "1912"]
[BlackElo "1695"]
[PlyCount "95"]
[EventDate "2020.08.15"]
[EventType "swiss"]
[EventRounds "9"]
[EventCountry "SVK"]
[SourceTitle "EXT 2021"]
[Source "ChessBase"]
[SourceDate "2020.10.23"]
[SourceVersion "1"]
[SourceVersionDate "2020.10.23"]
[SourceQuality "1"]

1. Nf3 d5 2. g3 c5 3. Bg2 Nc6 4. d3 e5 5. Nbd2 Nf6 6. 0-0 Bd6 7. e4 d4 8. a4 0-0 9. Nc4 Bc7 10. b3 Nd7 11. Ng5 h6 12. Nh3 Nb6 13. f4 Nxc4 14. bxc4 f5 15. Nf2 Be6 16. exf5 Rxf5 17. Ne4 exf4 18. Bxf4 Bxf4 19. Rxf4 Rxf4 20. gxf4 b6 21. Nxc5 bxc5 22. Bxc6 Rc8 23. Be4 Qh4 24. Qf3 Bg4 25. Qg3 Qh5 26. Rb1 Qh3 27. Qxh3 Bxh3 28. Kf2 Rc7 29. Rb8+ Kf7 30. a5 Bd7 31. a6 Ba4 32. Rb7 Re7 33. Rb2 Bd7 34. Ra2 Be6 35. Ra3 Bxc4 36. Ra5 Be6 37. Rxc5 Kf6 38. Rc6 Kf7 39. c3 dxc3 40. Rxc3 Rd7 41. Ke3 Re7 42. Rc5 g6 43. h4 Bf5 44. Kd4 Rd7+ 45. Kc3 Kf6 46. Rc6+ Kg7 47. Bxf5 gxf5 48. h5 1-0

[Event "SVK-ch U20 Girls"]
[Site "Lubovna"]
[Date "2020.08.15"]
[Round "1"]
[White "Taragelova, Martina"]
[Black "Jancovicova, Petra"]
[Result "1-0"]
[WhiteElo "2002"]
[BlackElo "1695"]
[PlyCount "75"]
[EventDate "2020.08.15"]
[EventType "swiss"]
[EventRounds "9"]
[EventCountry "SVK"]
[SourceTitle "EXT 2021"]
[Source "ChessBase"]
[SourceDate "2020.10.23"]
[SourceVersion "1"]
[SourceVersionDate "2020.10.23"]
[SourceQuality "1"]

1. e4 c5 2. Nf3 d6 3. Bb5+ Bd7 4. a4 a6 5. Bxd7+ Nxd7 6. 0-0 e6 7. c3 Ngf6 8. Qe2 Qc7 9. d3 Be7 10. Bg5 0-0 11. Nbd2 Rfe8 12. Bxf6 Nxf6 13. Nc4 d5 14. Ncd2 dxe4 15. Nxe4 Nd5 16. Rfd1 Nf4 17. Qc2 f5 18. Ng3 Qc6 19. Ne1 Bh4 20. Ne2 Nxe2+ 21. Qxe2 e5 22. Qh5 Bd8 23. Qxf5 Re6 24. Nf3 Bf6 25. Qe4 Qd7 26. Qc4 Qe7 27. Nd2 Kh8 28. Ne4 Rc6 29. a5 Rf8 30. Rd2 Qd7 31. Nxf6 Rfxf6 32. Re1 Qe7 33. Rde2 Qf8 34. Qd5 Rfd6 35. Qe4 h6 36. Re3 Re6 37. Qd5 Red6 38. Qxe5 1-0

[Event "SVK-chT4 A21 1920"]
[Site "Slovakia"]
[Date "2020.06.14"]
[Round "11.4"]
[White "Ralbovsky, Milan"]
[Black "Jancovicova, Petra"]
[Result "0-1"]
[WhiteElo "1267"]
[BlackElo "1671"]
[PlyCount "62"]
[EventDate "2019.10.13"]
[EventType "team-tourn"]
[EventRounds "11"]
[EventCountry "SVK"]
[SourceTitle "EXT 2022"]
[Source "ChessBase"]
[SourceDate "2021.10.06"]
[SourceVersion "1"]
[SourceVersionDate "2021.10.06"]
[SourceQuality "1"]
[WhiteTeam "Gbely Nafta III"]
[BlackTeam "Vrbove"]
[WhiteTeamCountry "SVK"]
[BlackTeamCountry "SVK"]

1. b3 d5 2. g3 c5 3. Bh3 Bxh3 4. Nxh3 e5 5. d3 Nc6 6. Nc3 Nf6 7. Bg5 Be7 8. f3 h6 9. Bd2 0-0 10. Nf2 a6 11. Qc1 Kh7 12. h4 Nh5 13. Rg1 b5 14. Qb2 b4 15. Ncd1 Bf6 16. e4 Nd4 17. Rg2 Nxf3+ 18. Ke2 Nxd2 19. Kxd2 d4 20. Ng4 Qd6 21. Ndf2 Be7 22. Rf1 a5 23. Nh3 Qe6 24. Nhf2 f5 25. Nh2 fxe4 26. Nxe4 Rxf1 27. Nxf1 Rf8 28. Qc1 Qh3 29. Rh2 Qxf1 30. g4 Qf4+ 31. Kd1 Qxh2 0-1

[Event "SVK-chT4 A21 1718"]
[Site "Slovakia"]
[Date "2018.01.14"]
[Round "7.2"]
[White "Jancovicova, Petra"]
[Black "Cerovsky, Marian"]
[Result "1/2-1/2"]
[WhiteElo "1739"]
[BlackElo "1788"]
[PlyCount "91"]
[EventDate "2017.10.01"]
[EventType "team-tourn"]
[EventRounds "11"]
[EventCountry "SVK"]
[SourceTitle "EXT 2019"]
[Source "ChessBase"]
[SourceDate "2018.10.10"]
[SourceVersion "1"]
[SourceVersionDate "2018.10.10"]
[SourceQuality "1"]
[WhiteTeam "Vrbove II"]
[BlackTeam "Kopcany"]
[WhiteTeamCountry "SVK"]
[BlackTeamCountry "SVK"]

1. e4 e5 2. Nf3 Nc6 3. d4 exd4 4. Nxd4 Qf6 5. Be3 Bc5 6. c3 a5 7. Bc4 Ne5 8. Bb3 Nh6 9. h3 Qa6 10. Bc2 0-0 11. Qh5 Re8 12. f4 Bxd4 13. Bxd4 Nd3+ 14. Bxd3 Qxd3 15. Nd2 Qg3+ 16. Kd1 Qxf4 17. Rf1 Qd6 18. Qg5 Qg6 19. Qxg6 fxg6 20. Kc2 d6 21. Rae1 c5 22. Bg1 b5 23. Bh2 Ra6 24. Rd1 Bb7 25. Rfe1 Nf7 26. Re2 Re6 27. Rde1 Ra8 28. Kd1 Rae8 29. b3 Ng5 30. h4 Nxe4 31. Nxe4 Bxe4 32. Kc1 d5 33. Bg1 c4 34. bxc4 bxc4 35. Bd4 Rb8 36. Rb2 Rxb2 37. Kxb2 Re8 38. g3 Rb8+ 39. Ka3 Rf8 40. Ka4 Bc2+ 41. Ka3 Be4 42. Ka4 h6 43. Ka3 a4 44. Rg1 h5 45. Re1 Kh7 46. Rg1 1/2-1/2

[Event "SVK-chT3A2 1718"]
[Site "Slovakia"]
[Date "2017.11.05"]
[Round "3.2"]
[White "Jancovicova, Petra"]
[Black "Kiss, Balazs5555"]
[Result "1-0"]
[WhiteElo "1686"]
[BlackElo "1287"]
[PlyCount "77"]
[EventDate "2017.10.08"]
[EventType "team-tourn"]
[EventRounds "11"]
[EventCountry "SVK"]
[SourceTitle "EXT 2020"]
[Source "ChessBase"]
[SourceDate "2019.10.17"]
[SourceVersion "1"]
[SourceVersionDate "2019.10.17"]
[SourceQuality "1"]
[WhiteTeam "Vrbove"]
[BlackTeam "Dunajska Streda II"]
[WhiteTeamCountry "SVK"]
[BlackTeamCountry "SVK"]

1. e4 e5 2. Nf3 Nc6 3. d4 Bd6 4. d5 Na5 5. Bd2 c6 6. b4 cxd5 7. bxa5 dxe4 8. Ng5 Bc5 9. Nxe4 Be7 10. Be2 d5 11. Ng3 Nf6 12. Bb5+ Nd7 13. 0-0 0-0 14. a6 Qb6 15. axb7 Bxb7 16. Bxd7 Qc7 17. Ba4 Bf6 18. Bc3 d4 19. Bb2 Qc4 20. Bb3 Qc6 21. f3 Rad8 22. Re1 Qb6 23. Kh1 Bh4 24. Rxe5 Bc8 25. Nf5 Bxf5 26. Rxf5 Rfe8 27. Bxf7+ Kh8 28. Bxe8 Rxe8 29. Ba3 Bf6 30. Nd2 Qe6 31. Rf4 g5 32. Re4 Be5 33. Bb2 Rd8 34. Qe2 Rd5 35. Re1 Qc6 36. Rxe5 Qxc2 37. Rxd5 Qxb2 38. Qe5+ Kg8 39. Qxg5+ 1-0

[Event "SVK-chT4 A21 1718"]
[Site "Slovakia"]
[Date "2017.10.15"]
[Round "2.3"]
[White "Karel, Jozef"]
[Black "Jancovicova, Petra"]
[Result "1/2-1/2"]
[WhiteElo "1708"]
[BlackElo "1740"]
[PlyCount "73"]
[EventDate "2017.10.01"]
[EventType "team-tourn"]
[EventRounds "11"]
[EventCountry "SVK"]
[SourceTitle "EXT 2019"]
[Source "ChessBase"]
[SourceDate "2018.10.10"]
[SourceVersion "1"]
[SourceVersionDate "2018.10.10"]
[SourceQuality "1"]
[WhiteTeam "Spacince"]
[BlackTeam "Vrbove II"]
[WhiteTeamCountry "SVK"]
[BlackTeamCountry "SVK"]

1. e4 e5 2. f4 exf4 3. Nf3 Be7 4. Bc4 Bh4+ 5. Nxh4 Qxh4+ 6. Kf1 d6 7. d4 Ne7 8. Qf3 0-0 9. Bxf4 Ng6 10. Bg3 Qg5 11. Nc3 Nc6 12. Qf2 Qf6 13. Qxf6 gxf6 14. Rd1 a6 15. Nd5 Be6 16. Nxf6+ Kg7 17. d5 Kxf6 18. dxe6 fxe6 19. Ke2 Ke7 20. c3 Nf4+ 21. Bxf4 Rxf4 22. Ke3 Raf8 23. Be2 Ne5 24. h3 Rf2 25. Rhg1 Nd7 26. Rdf1 Rxf1 27. Rxf1 Rg8 28. Rf2 Rg5 29. Bf1 Rg6 30. Be2 Rf6 31. Rxf6 Kxf6 32. h4 h6 33. Kf4 Nc5 34. b3 a5 35. g4 e5+ 36. Ke3 Ne6 37. Bf3 1/2-1/2

[Event "SVK-chT4 A21 1617"]
[Site "Slovakia"]
[Date "2016.12.04"]
[Round "5.5"]
[White "Jancovicova, Petra"]
[Black "Sefcik, Oliver"]
[Result "1-0"]
[WhiteElo "1661"]
[BlackElo "1009"]
[PlyCount "77"]
[EventDate "2016.10.09"]
[EventType "team-tourn"]
[EventRounds "11"]
[EventCountry "SVK"]
[SourceTitle "EXT 2018"]
[Source "ChessBase"]
[SourceDate "2017.10.13"]
[SourceVersion "1"]
[SourceVersionDate "2017.10.13"]
[SourceQuality "1"]
[WhiteTeam "Vrbove II"]
[BlackTeam "Holic II"]
[WhiteTeamCountry "SVK"]
[BlackTeamCountry "SVK"]

1. e4 e6 2. d4 d5 3. Nc3 c5 4. Nf3 Nc6 5. exd5 exd5 6. Be3 c4 7. a3 Nf6 8. Be2 Bd6 9. 0-0 0-0 10. Bg5 Re8 11. Bxf6 Qxf6 12. Nxd5 Qd8 13. Bxc4 Bd7 14. Ne3 Rc8 15. Bd3 Bf4 16. Re1 Be6 17. Bb5 Bd7 18. c4 a6 19. Ba4 Bxe3 20. fxe3 Re7 21. d5 Na7 22. Bxd7 Qxd7 23. Rc1 Qd6 24. Qd4 b6 25. e4 f6 26. e5 fxe5 27. Rxe5 Rxe5 28. Nxe5 Re8 29. Nf3 Nc8 30. b4 b5 31. c5 Qd7 32. Ne5 Qf5 33. d6 Nxd6 34. cxd6 Qxe5 35. Qxe5 Rxe5 36. d7 Rd5 37. Rc8+ Kf7 38. d8Q Rxd8 39. Rxd8 1-0